The Government Spending Oversight Act and the future of the Pandemic Response Accountability Committee /

Bibliographic Details
Main Author: Wilhelm, Ben (Author)
Format: Government Document Database
Language:English
Published: [Washington, D.C.] : Congressional Research Service, 2024-
Edition:[Library of Congress public edition].
Series:Insight (Library of Congress. Congressional Research Service) ; IN12346.
Subjects:
Online Access:https://purl.fdlp.gov/GPO/gpo229451

MARC

Tag First Indicator Second Indicator Subfields
LEADER 00000nai a2200000 i 4500
001 in00005502007
006 m o d f
007 cr |||||||||||
008 240613c20249999dcu x w ob f0 2eng c
005 20241004204026.1
010 |a 2024235065 
035 |a (OCoLC)on1439133252 
040 |a GPO  |b eng  |e rda  |e pn  |c GPO  |d MvI 
042 |a pcc 
043 |a n-us--- 
049 |a WWW 
074 |a 0807-A-12 (online) 
086 0 |a LC 14.25/2:IN 12346/ 
100 1 |a Wilhelm, Ben,  |0 https://id.loc.gov/authorities/names/no2020078912  |e author. 
245 1 4 |a The Government Spending Oversight Act and the future of the Pandemic Response Accountability Committee /  |c Ben Wilhelm. 
250 |a [Library of Congress public edition]. 
264 1 |a [Washington, D.C.] :  |b Congressional Research Service,  |c 2024- 
300 |a 1 online resource. 
310 |a Updated irregularly 
336 |a text  |b txt  |2 rdacontent 
337 |a computer  |2 rdamedia 
338 |a online resource  |b cr  |2 rdacarrier 
490 1 |a IN ;  |v IN12346 
500 |a The CRS web page provides access to all versions published since 2018 in accordance with P.L. 115-141. 
500 |a In scope of the U.S. Government Publishing Office Cataloging and Indexing Program (C&I) and Federal Depository Library Program (FDLP). 
500 |a GPO Cataloging Record Distribution Program (CRDP). 
504 |a Report includes bibliographical references. 
588 0 |a Contents viewed on June 13, 2024; title from CRS web page. 
650 0 |a Emergency management  |z United States. 
650 0 |a COVID-19 Pandemic, 2020-  |z United States. 
650 0 |a Waste in government spending  |z United States. 
610 2 0 |a Council of the Inspectors General on Integrity and Efficiency (U.S.).  |b Pandemic Response Accountability Committee.  |0 https://id.loc.gov/authorities/names/no2020061827 
710 2 |a Library of Congress.  |b Congressional Research Service,  |0 https://id.loc.gov/authorities/names/n79061321  |e issuing body. 
773 0 8 |i Contained in (work):  |t CRS reports (Library of Congress. Congressional Research Service)  |w (DLC) 2018231131  |w (OCoLC)1052784408 
830 0 |a Insight (Library of Congress. Congressional Research Service) ;  |0 https://id.loc.gov/authorities/names/no2020046109  |v IN12346. 
856 4 0 |u https://purl.fdlp.gov/GPO/gpo229451  |t 0 
999 f f |s 38456388-dd80-40b9-b77f-cd1783c43bf4  |i a45db95e-3381-4315-addf-04a5407d7cd5  |t 0 
952 f f |a Texas A&M University  |b College Station  |c Electronic Resources  |d Available Online  |t 0  |e LC 14.25/2:IN 12346/  |h Superintendent of Documents classification 
998 f f |a LC 14.25/2:IN 12346/  |t 0  |l Available Online